Statistics for Country flags starting with letter G

Click here to take the quiz!

General Stats

  • This quiz has been taken 22 times
  • The average score is 10 of 11

Answer Stats

Answer% Correct
Germany
100%
Greece
100%
Gabon
94%
Gambia
94%
Ghana
94%
Georgia
89%
Grenada
89%
Guinea
89%
Guatemala
83%
Guinea-Bissau
83%
Guyana
83%

Score Distribution

Percentile by Number Answered

Percent of People with Each Score

Your Score History

You have not taken this quiz